Recyklácia predraží výrobky
Vysvetlenie k novému zákonu č. 733/2004 Z.z., ktorý upravuje nakladanie s elektroodpadom. Kategórie elektroodpadu. Zakladné pojmy. Viditeľný recyklačný poplatok. Úloha obchodníkov. Výrobcovia sú povinní postarať sa o elektroodpad. Limit zberu v tonách pre jednotlivé kategórie.
Gespeichert in:
| 1. Verfasser: | |
|---|---|
| Format: | Buchkapitel |
| Sprache: | Slowakisch |
| Schlagworte: | |
| Tags: |
Keine Tags, Fügen Sie das erste Tag hinzu!
|
MARC
| LEADER | 00000naa$a2200000$$$4500 | ||
|---|---|---|---|
| 001 | 0032400 | ||
| 005 | 20231107130031.7 | ||
| 041 | 0 | |a slo | |
| 044 | |a SK | ||
| 245 | 1 | 0 | |a Recyklácia predraží výrobky |c Jozef Brezovský |
| 520 | |a Vysvetlenie k novému zákonu č. 733/2004 Z.z., ktorý upravuje nakladanie s elektroodpadom. Kategórie elektroodpadu. Zakladné pojmy. Viditeľný recyklačný poplatok. Úloha obchodníkov. Výrobcovia sú povinní postarať sa o elektroodpad. Limit zberu v tonách pre jednotlivé kategórie. | ||
| 610 | 2 | 0 | |a odpad |
| 610 | 2 | 0 | |a domácnosti |
| 610 | 2 | 0 | |a elektronika |
| 610 | 2 | 0 | |a elektrina |
| 610 | 2 | 0 | |a prístroje |
| 610 | 2 | 0 | |a recyklácia odpadu |
| 610 | 2 | 0 | |a poplatky |
| 610 | 2 | 0 | |a obchodníci |
| 610 | 2 | 0 | |a výrobcovia |
| 610 | 2 | 0 | |a legislatíva |
| 610 | 2 | 0 | |a aproximácia práva |
| 100 | 1 | |a Brezovský, Jozef | |